European Footballers - Sudden Death - Statistics

General Stats
  • This quiz has been taken 4,774 times
    1,365 since last reset
  • The average score is 32 of 50
Answers on the Grid
Answers color-coded by a green-red scale on the quiz's grid according to % correct below.
Pelé
Lionel Messi
Diego Maradona
Cristiano Ronaldo
Johan Cruyff
Zinedine Zidane
Paolo Maldini
Franz Beckenbauer
Andrés Iniesta
Son Heung-min
Xavi
Iker Casillas
Ronaldo
Marco van Basten
Sergio Ramos
Kylian Mbappé
Robert Lewandowski
Ferenc Puskás
Ronaldinho
Gareth Bale
Bobby Charlton
Kaká
Ali Daei
Raúl
Kenny Dalglish
Gerd Müller
Lothar Matthäus
Cafu
Denis Law
Mohamed Salah
Ryan Giggs
Michel Platini
Ángel Di María
Graeme Souness
Kalidou Koulibaly
Alan Hansen
Wayne Rooney
George Best
Eusébio
Keylor Navas
Samuel Eto'o
Luis Suárez
Frank Rijkaard
Lamine Yamal
Michael Essien
Thierry Henry
Francesco Totti
Andrea Pirlo
Gianluigi Buffon
Diego Forlán
Lilian Thuram
Riyad Mahrez
David Beckham
Manuel Neuer
Luís Figo
Mario Kempes
Radamel Falcao
Steven Gerrard
Roberto Baggio
Dennis Bergkamp
Jay-Jay Okocha
Kevin De Bruyne
Sadio Mané
Zlatan Ibrahimović
Eden Hazard
Didier Drogba
Hugo Sánchez
Carlos Valderrama
Miroslav Klose
Rafael Márquez
Andriy Shevchenko
George Weah
Achraf Hakimi
Vincent Kompany
Thibaut Courtois
Arturo Vidal
Erling Haaland
Alexis Sánchez
Edinson Cavani
Claudio Bravo
Hakim Ziyech
Gabriel Batistuta
Romelu Lukaku
Yaya Touré
Christian Pulisic
Roger Milla
Nwankwo Kanu
Alphonso Davies
Victor Osimhen
Park Ji-sung
James Rodríguez
Juan Cuadrado
Clint Dempsey
Landon Donovan
Hidetoshi Nakata
Harry Kane
Enner Valencia
Asamoah Gyan
Antonio Valencia
 
Answer Stats
Answer % Correct
Andrés Iniesta
80%
Cristiano Ronaldo
80%
Johan Cruyff
80%
Xavi
80%
Paolo Maldini
79%
Zinedine Zidane
79%
Franz Beckenbauer
78%
Iker Casillas
77%
Kylian Mbappé
77%
Gareth Bale
75%
Robert Lewandowski
75%
Sergio Ramos
75%
Marco van Basten
73%
Bobby Charlton
71%
Gerd Müller
71%
Ferenc Puskás
69%
Wayne Rooney
69%
Lothar Matthäus
68%
Ryan Giggs
68%
Raúl
67%
Michel Platini
65%
Thierry Henry
64%
Gianluigi Buffon
63%
Kenny Dalglish
63%
Andrea Pirlo
62%
David Beckham
62%
George Best
62%
Lamine Yamal
62%
Francesco Totti
61%
Luís Figo
61%
Manuel Neuer
61%
Frank Rijkaard
60%
Steven Gerrard
60%
Zlatan Ibrahimović
60%
Kevin De Bruyne
59%
Eden Hazard
58%
Dennis Bergkamp
57%
Erling Haaland
57%
Lilian Thuram
57%
Miroslav Klose
56%
Roberto Baggio
56%
Andriy Shevchenko
55%
Eusébio
54%
Harry Kane
54%
Thibaut Courtois
54%
Romelu Lukaku
53%
Vincent Kompany
53%
Denis Law
52%
Alan Hansen
43%
Graeme Souness
41%
No matching quizzes found
Score Distribution
Percent of People with Each Score
Percentile by Number Answered
Your Score History
You have not taken this quiz since the last reset